000 00812nam a2200265 4500
001 35089
003 BD-RjUL
005 20211209052245.0
008 140520r19681967ilu b 001 0 eng
020 _a0043010121
035 _a(BD-RjUL)35183
040 _aDLC
_cDLC
_dDLC
_dBD-RjUL
_beng
041 _aeng
082 0 0 _a306.85
_219
_bPSY 1968
245 1 4 _aThe psychosocial interior of the family :
_ba sourcebook for the study of whole families /
_ced. by Gerald Handel
260 _aChicago :
_bAldine Pub. Co.,
_cc1967 [Reprinted 1968].
300 _axi, 560 p. ;
_c25 cm.
504 _aIncludes bibliographies and index.
650 0 _aFamilies.
_9106832
650 0 _aSocial psychology.
_9106833
700 1 _aHandel, Gerald,
_9106834
942 _2ddc
_cBK
999 _c35089
_d35089